|
|
|
|
| LEADER |
00000nab a2200000 a 4500 |
| 001 |
vtls000763857 |
| 003 |
SK-MaSNL |
| 005 |
20260304103910.0 |
| 008 |
250429c2001 xo 0 slo |
| 015 |
|
|
|a SNBRB2001/07-22140
|
| 035 |
|
|
|a CLN000115644
|
| 035 |
|
|
|a urn:nbn:sk:snk-ab3493
|
| 035 |
|
|
|a (urnnbn)urn:nbn:sk:snk:ar-a05ura
|
| 035 |
|
|
|a (uuid)612167cb-56b7-49e7-9468-94a9856e38bd
|
| 040 |
|
|
|a SNKBUCL
|b slo
|c SNKBUCL
|e AACR2
|
| 041 |
0 |
|
|a slo
|
| 044 |
|
|
|a xo
|c SK
|
| 080 |
|
|
|a 618.11-006:616-008.9
|2 1997
|
| 080 |
|
|
|a 616-008.9
|2 1997
|
| 080 |
|
|
|a 616.379-008.64
|2 1997
|
| 245 |
0 |
0 |
|a Úloha obezity pri polycystickom ovariálnom syndróme
|c Martin Kaliský ... [et al.]
|
| 246 |
1 |
1 |
|a Role of obesity in polycystic ovary syndrome
|
| 504 |
|
|
|a Res. angl., slov.
|
| 504 |
|
|
|a Bibliogr. odkazy
|
| 650 |
0 |
7 |
|a syndróm polycystických ovárií
|2 snkbucl
|9 14124
|
| 650 |
0 |
7 |
|a polycystické vaječníky
|2 snkbucl
|9 1202115
|
| 650 |
0 |
7 |
|a obezita
|2 snkbucl
|9 2527
|
| 650 |
0 |
7 |
|a hyperinzulinizmus
|2 snkbucl
|9 1322324
|
| 655 |
|
7 |
|a články z novín a časopisov
|2 snkbucl
|9 267496
|
| 700 |
1 |
|
|a Kaliský, Martin
|4 aut
|9 1403068
|
| 700 |
1 |
|
|a Dókuš, Karol, 1973-
|4 aut
|9 192536
|
| 700 |
1 |
|
|a Galo, Silvester
|4 aut
|9 1112408
|
| 700 |
1 |
|
|a Danko, Ján,
|d 1950-
|4 aut
|9 133280
|
| 700 |
1 |
|
|a Skulina, Boris
|4 aut
|9 1403069
|
| 700 |
1 |
|
|a Bukovská, Eva
|4 aut
|9 11711
|
| 773 |
0 |
|
|t Praktická gynekológia
|g Roč. 8, č. 1 (2001), s. 28-30
|x 1335-4221
|
| 850 |
|
|
|a Slovenská národná knižnica
|
| 852 |
|
|
|a Slovenská národná knižnica
|
| 954 |
|
|
|a odborná, vedecká literatúra pôvodná (slovenská)
|2 lita
|
| 958 |
|
|
|a article27
|
| 958 |
|
|
|a MI
|
| 958 |
|
|
|a NB
|
| 958 |
|
|
|a OND
|
| 958 |
|
|
|a EUIPO
|
| 999 |
|
|
|c 2850113
|d 2852043
|